| 000 | 01466cam a2200361 i 4500 | ||
|---|---|---|---|
| 999 |
_c64861 _d64861 |
||
| 001 | 432983140 | ||
| 003 | OCoLC | ||
| 005 | 20190305111017.0 | ||
| 008 | 091022s2010 enk g b 001 0 eng | ||
| 010 | _a2010280462 | ||
| 020 | _a9780567253897 (hbk.) | ||
| 020 | _a0567253899 (hbk.) | ||
| 040 |
_aUKM _cCO-MdFUSB _dBTCTA _dYDXCP _dC#P _dBWX _dDLC _dLML _dOrLoB-B _bspa _erda |
||
| 041 | _aeng | ||
| 082 |
_224 _aR 223.106 _bB745h |
||
| 100 | 1 |
_aBoss, Jeffrey. _eautor |
|
| 245 | 1 | 0 |
_aHuman consciousness of God in the book of Job _b: a theological and psychological commentary _c/ Jeffrey Boss. |
| 260 |
_aNew York : _bT & T Clark International, _cc2010. |
||
| 264 | 1 |
_aLondon ; _bContinuum, _c℗[2010] |
|
| 264 | 4 | _c©2010 | |
| 300 |
_aviii, 289 páginas ; _c25 cm. |
||
| 336 |
_2rdacontent _atexto _btxt |
||
| 337 |
_2rdamedia _asin mediación _bn |
||
| 338 |
_2rdacarrier _avolumen _bnc |
||
| 501 | _aIncluye índices (páginas 266-289) | ||
| 504 | _aBibliografía (páginas 259- 265) | ||
| 505 | _aDios y Job como un sistema autoconsistente: Dios el que nutre -- Dios como destructor -- Dios como el que se oculta a sí mismo: La noche oscura de Job -- Dios como el deseado -- Dios como el santo: La búsqueda lograda -- Dios como destino: Job regresa al servicio de Dios -- Dios más allá de Dios -- Conclusiones | ||
| 630 | 0 | 7 |
_aBiblia. _pJob |
| 650 | 7 |
_aDios _9178 |
|
| 942 | _cREF | ||